Les Robert célèbres (par image) - Statistiques

Statistiques générales
  • Ce quiz a été pris 57 fois
  • Le résultat moyen est 5 sur 24
Statistiques - réponses
Par images Réponse % Correct
Robert Redford
85%
Robert Hossein
57%
Robert Lamoureux
53%
Robert Mitchum
51%
Robert De Niro
45%
Robert Chapatte
38%
Robert Dalban
32%
Robert Castel
28%
Robert Dhery
26%
Robert Duvall
26%
Robert Gesink
21%
Robert Vaughn
17%
Robert Baden Powell
15%
Robert E. Lee
13%
Robert Rollis
6%
Robert Bruce
4%
Robert Le Vigan
4%
Robert Aron
0%
Robert Courteheuse
0%
Robert Guiscard
0%
Robert II de Flandre
0%
Robert Roy MacGregor
0%
Robert Vattier
0%
Saint Robert Bellarmin
0%
Aucun quiz correspondant
Distribution des résultats
% des personnes avec chaque résultat
Percentile par nombre de réponses
Votre historique - résultats
Vous n’avez pas pris ce quiz